Key Signatures - Statistics

General Stats
  • This quiz has been taken 186 times
  • The average score is 11 of 15
Answer Stats
Picture Answer % Correct
F Major/D Minor
97%
C Major/A Minor
96%
G Major/E Minor
86%
D Major/B Minor
78%
A Major/F# Minor
73%
E Major/C# Minor
72%
B Major/G# Minor
71%
F# Major/D# Minor
67%
Bb Major/G Minor
65%
C# Major/A# Minor
64%
Eb Major/C Minor
64%
Ab Major/F Minor
62%
Db Major/Bb Minor
62%
Gb Major/Eb Minor
60%
Cb Major/Ab Minor
57%
No matching quizzes found
Score Distribution
Percent of People with Each Score
Percentile by Number Answered
Your Score History
You have not taken this quiz